| 000 | 01600nam a22003977a 4500 | ||
|---|---|---|---|
| 003 | CHAP | ||
| 005 | 20220817044245.0 | ||
| 008 | 090217s2008 mx a r 00010 spa d | ||
| 010 | _a95900 | ||
| 011 | _a96872 | ||
| 035 | _a107529 | ||
| 040 | _cCHAP | ||
| 090 | _aTesis | ||
| 100 | 1 |
_aMadrigal Reyes, Susana _969736 |
|
| 245 | 1 | 0 |
_aUsos complementarios al ornamental de las orquideas del estado de Veracruz, México _c/por Susana Madrigal Reyes |
| 260 |
_aChapingo, Méx. : _bEl autor, _c2008 |
||
| 300 |
_axi, 116 h. : _bilus., cuadros, gráfs. |
||
| 502 | _aTesis (Ing. Agr. Esp. en Zonas Tropicales. Orientación Terminal en Agricultura Alternativa y sus Estrategias de Desarrollo) -- UACH. Dirección de Centros Regionales Universitarios | ||
| 590 |
_aALEPH _b10 _c20130110 _lUCH01 _h1527 |
||
| 590 |
_aBATCH-UPD _b10 _c20130110 _lUCH01 _h1231 |
||
| 590 |
_aBATCH-UPD _b10 _c20130410 _lUCH01 _h0801 |
||
| 590 |
_aBATCH-UPD _b10 _c20130914 _lUCH01 _h0738 |
||
| 590 |
_aCONVERSION _b10 _c20130109 _lUCH01 _h1353 |
||
| 650 | 1 | 4 |
_aBotánica _xClasificación. _914516 |
| 650 | 1 | 4 |
_aEtnobotánica _zVeracruz. _938649 |
| 650 | 1 | 4 |
_aFlores _xCatálogos y colecciones. _941365 |
| 650 | 1 | 4 |
_aFlores _xIdentificación. _941382 |
| 650 | 1 | 4 |
_aOrquidáceas _xClasificación. _983725 |
| 650 | 1 | 4 |
_aOrquidáceas _xVariedades. _983739 |
| 650 | 1 | 4 |
_aOrquidáceas _zVeracruz. _983744 |
| 650 | 1 | 4 | _aPlantas ornamentales. |
| 901 | _aBK | ||
| 942 | _cFOLL | ||
| 949 |
_aTesis _bBC _cTES _d33724002084545 _eTS2 _fc.2 _gDonaciØn _h49010 _i107529 _sb |
||
| 949 |
_aTesis _bBC _cTES _d33724002084587 _eTS1 _gDonaciØn _h49009 _i107529 _sb |
||
| 999 |
_c95900 _d95900 |
||